000 02802cam a22005294i 4500
003 PE-LiUPU
005 20260407104142.0
008 150616s1973 ag a r 000 0 spa d
035 _a(Sirsi) a519
040 _aPE-LiUPU
_bspa
_cPE-LiUPU
_dPE-LiUPU
_erda
049 _aPRUA
082 0 4 _a272
_bV42
_221
100 1 _aVaretto, Juan C.,
_eautor.
245 1 3 _aLa marcha del cristianismo :
_bdesde los apostóles hasta los Valdenses /
_cJuan C. Varetto.
264 1 _aBuenos Aires :
_bJunta de Publicaciones de la Convención evangélica Bautista,
_c1973.
300 _a286 páginas :
_bilustraciones ;
_c19 centímetros
336 _atext
_2rdacontent
337 _aunmediated
_2rdamedia
338 _avolume
_2rdacarrier
505 0 _aLa marcha del cristianismo: años 1-1305 -- La tarea asignada por Cristo -- Ideas religiosas y filosóficas -- Testigos en Jerusalén -- San Pablo -- El primer combate en Roma -- Últimos días de San Pedro -- Jacobo -- Destrucción de Jerusalén -- Juan, el apóstol -- Adelantos del cristianismo -- Consulta de Plinio a Trajano -- Ignacio de Antioquía -- Policarpo de Esmirna -- Justino mártir -- Los mártires de Lyon y Viena -- Irineo -- Literatura cristiana del segundo siglo -- La recepción de miembros -- Sencilla organización de las iglesias -- El culto cristiano -- Costumbres de los cristianos -- Los mártires de Cartago -- Orígenes -- Más persecuciones -- Cipriano -- Los novacianos -- Las catacumbas -- La persecución de Diocleciano -- Constantino -- El concilio de Nicea -- Juliano el apóstata.
526 _aSEG42
526 _aSEG41
526 _aSEG40
526 _aSEG39
526 _aP94
526 _aP87
526 _aP86
526 _aP85
526 _aP77
526 _aP76
526 _aP35
650 0 4 _aIglesia
_xHistoria.
650 0 4 _aCristianismo
_xHistoria.
650 0 4 _aIglesia primitiva
_xHistoria.
650 0 0 _aPadres de la iglesia
_xTeología
_9281
650 0 4 _aValdenses
_xHistoria.
910 _ajck
_bjvq
_cjck
942 _2ddc
_cBOOK
994 _aC0
_bPEPRU
596 _a1
999 _a272 V42
_wDEWEY
_c54471
_i00206
_d54471
_f2021-11-12
_g5
_lCCODEBUL1
_mBUL
_p25.00
_q1
_r0
_sY
_tBOOK
_u2015-6-16
_xTEOLOGIA
_PP35
_0COMPRA
_o.STAFF. Colección Teología
999 _a272 V42
_wDEWEY
_c2
_i20052
_d2018-6-17
_e2018-5-30
_f2019-12-11
_g4
_lDISCARD
_mBUL
_n7
_p25.00
_q2
_r0
_sY
_tBOOK
_u2015-6-16
_xTEOLOGIA
_PP35
_0COMPRA
_o.STAFF. Colección Teología
999 _a272 V42
_wDEWEY
_c3
_i00881
_d2019-6-27
_e2019-6-17
_f2021-11-12
_g5
_lCCODEBUL1
_mBUL
_n12
_p25.00
_q1
_r0
_sY
_tBOOK
_u2015-6-16
_xTEOLOGIA
_PP35
_0COMPRA
_o.STAFF. Colección Teología
980 _818226
_gJaime Vilcazán Jefe de Análisis Documental